| 000 | 00828nam a2200253Ia 4500 | ||
|---|---|---|---|
| 003 | OSt | ||
| 005 | 20241129134052.0 | ||
| 008 | 210716s2009 xx 000 0 und d | ||
| 020 | _a9788177586893 | ||
| 040 | _cAIMIT LIBRARY | ||
| 041 | _aeng | ||
| 082 |
_a005.74 _21 _bKROD |
||
| 100 |
_aKroenke, David. _947383 |
||
| 245 |
_aDatabase processing : _bfundamentals design and implementation / _cBy David M. Kroenke. |
||
| 250 | _a1st ed. | ||
| 260 |
_aNew Delhi : _bPearson Education , _c2009 . |
||
| 300 |
_axviii, 732p. ; _bPB _c28 cm. |
||
| 650 |
_aDatabase implementation _947384 |
||
| 650 |
_aDatabase access standards _947385 |
||
| 650 |
_aRelational model and normalization _9187237 |
||
| 650 |
_aMultiuser database processing _9187238 |
||
| 650 |
_aDatabase redesign _9187239 |
||
| 942 |
_2ddc _cBK _e1st _k005.74 KROD |
||
| 999 |
_c189649 _d189649 |
||